Sidney Hook : a checklist of writings /

Bibliographic Details
Main Author: Levine, Barbara, 1937-
Format: Book
Language:English
Published: Carbondale : Southern Illinois University Press, [1989]
Subjects:

MARC

Tag First Indicator Second Indicator Subfields
LEADER 00000cam a2200000 a 4500
001 in00000790806
005 20151017065003.0
008 880418s1989 ilu b s00110 eng
010 |a  88015043  
020 |a 0809315106 (alk. paper) 
035 |a (OCoLC)17954321 
035 |9 ADN5537AM 
040 |a DLC  |c DLC  |d TXA  |d UtOrBLW 
049 |a TXAM  |c [A12448368] 
050 0 0 |a Z8414.938  |b .L48 1989  |a B945.H684 
082 0 |a 016.191  |2 19 
100 1 |a Levine, Barbara,  |d 1937- 
245 1 0 |a Sidney Hook :  |b a checklist of writings /  |c compiled by Barbara Levine. 
264 1 |a Carbondale :  |b Southern Illinois University Press,  |c [1989] 
264 4 |c ©1989 
300 |a viii, 151 pages ;  |c 24 cm. 
336 |a text  |b txt  |2 rdacontent 
337 |a unmediated  |b n  |2 rdamedia 
338 |a volume  |b nc  |2 rdacarrier 
500 |a Includes indexes. 
600 1 0 |a Hook, Sidney,  |d 1902-1989  |x Bibliography. 
999 |a MARS 
999 f f |s ade910d6-1047-35b1-a411-19889ebb78c7  |i aa09f871-773d-356e-b64c-b8ced6fe4a27  |t 0 
952 f f |p ric  |a Texas A&M University  |b Rellis Campus  |c Joint Library Facility  |d Remote Storage  |t 0  |e Z8414.938 .L48 1989  |h Library of Congress classification  |i unmediated -- volume  |m A14812448368 
998 f f |a Z8414.938 .L48 1989  |t 0  |l Remote Storage